| 000 | 00570nam a2200205 i 4500 | ||
|---|---|---|---|
| 001 | 75919 | ||
| 003 | ES-MaACL | ||
| 007 | t| | ||
| 008 | 040928s1985 sp ||||1| spa d | ||
| 020 | _a84-86421-08-X | ||
| 100 | 1 |
_aGuardia Serecigni, José. _960316 |
|
| 245 | 1 | 0 |
_aTodo sobre la drogadicción / _cJosé Guardia Serecigni. |
| 250 | _a[1ª ed.]. | ||
| 260 |
_aBarcelona : _bTibidabo, _c1985. |
||
| 300 |
_a151 p. ; _c19 cm. |
||
| 490 | 1 | _aConocer a tiempo | |
| 830 | 0 |
_aConocer a tiempo _9184573 |
|
| 852 |
_aES-MaACL _jL-9564 _bR.111534 |
||
| 999 |
_c75919 _d75919 |
||